000 00761nam a2200229 i 4500
001 bg
245 0 0 _aMiędzynarodowe stosunki gospodarcze na przełomie wieków :
_bpraca zbiorowa /
_cpod red. Macieja Piklikiewicza.
260 _aWarszawa :
_b"Difin",
_c2001.
300 _a279 s. :
_bil. ;
_c23 cm.
504 _aBibliogr. przy rozdz.
650 9 _aMiędzynarodowe stosunki gospodarcze
_yod 1989 r.
655 _aPodręczniki akademickie
700 1 _aPIKLIKIEWICZ, Maciej.
_eRed.
020 _a8372511047
040 _cBPK
041 0 _apl
080 _a339.9"1989/..."(075.8)
920 _a83-7251-104-7
942 _cKS
008 s pl f |000 0 pol
999 _c41539
_d41539
856 _uhttp://koha.tu.koszalin.pl/cgi-bin/koha/opac-detail.pl?biblionumber=41539
_yKatalog online BPK